[Event "Aktobe Dvorkovich op-A"]
[Site "Aktobe"]
[Date "2025.06.26"]
[Round "5"]
[White "Rohit, Krishna S"]
[Black "Bocharov, Dmitry"]
[Result "0-1"]
[WhiteElo "2497"]
[BlackElo "2522"]
[PlyCount "86"]
[EventDate "2025.06.22"]
[EventType "swiss"]
[EventRounds "9"]
[EventCountry "KAZ"]
[SourceTitle "CB27_2025"]
[SourceDate "2025.07.02"]
[SourceVersion "1"]
[SourceVersionDate "2025.07.02"]
[SourceQuality "1"]

1. d4 Nf6 2. c4 e6 3. Nf3 b6 4. a3 Bb7 5. Nc3 d5 6. cxd5 Nxd5 7. e3 Be7 8. Bb5+ c6 9. Bd3 c5 10. e4 Nxc3 11. bxc3 0-0 12. 0-0 Qc7 13. Qe2 Nd7 14. Bd2 Rac8 15. a4 e5 16. d5 c4 17. Bc2 Nc5 18. Rfb1 Ba6 19. Be3 Nb7 20. h3 Bc5 21. Bd2 Rce8 22. Nh4 f6 23. Kh1 g6 24. Rf1 Nd6 25. Bh6 Rf7 26. f4 exf4 27. Bxf4 Qe7 28. Qg4 Bc8 29. Qg3 Rg7 30. Bh6 g5 31. Nf5 Bxf5 32. exf5 Qe2 33. Bxg7 Kxg7 34. Rac1 Re3 35. Qe1 Qh5 36. Qd2 g4 37. Rce1 Rg3 38. Bd1 Ne4 39. Bxg4 Qxg4 40. hxg4 Nxd2 41. Rf4 Rxc3 42. g5 fxg5 43. f6+ Kg6 0-1

[Event "Aktobe Dvorkovich op-A"]
[Site "Aktobe"]
[Date "2025.06.23"]
[Round "2"]
[White "Lyutsinger, Iren"]
[Black "Rohit, Krishna S"]
[Result "1/2-1/2"]
[WhiteElo "2261"]
[BlackElo "2497"]
[PlyCount "88"]
[EventDate "2025.06.22"]
[EventType "swiss"]
[EventRounds "9"]
[EventCountry "KAZ"]
[SourceTitle "CB27_2025"]
[SourceDate "2025.07.02"]
[SourceVersion "1"]
[SourceVersionDate "2025.07.02"]
[SourceQuality "1"]

1. e4 c5 2. Nf3 d6 3. d4 cxd4 4. Nxd4 Nf6 5. Nc3 Nc6 6. Bg5 e6 7. Qd3 Bd7 8. 0-0-0 a6 9. f4 Be7 10. Nf3 Qa5 11. Kb1 Rc8 12. Qe3 Qc7 13. h3 0-0 14. e5 dxe5 15. fxe5 Nd5 16. Nxd5 exd5 17. Bd3 Rfe8 18. Rhe1 Bxg5 19. Qxg5 h6 20. Qg3 Re7 21. Re2 Rce8 22. Rde1 Nb4 23. Qf4 Qa5 24. a3 Nxd3 25. cxd3 b5 26. g4 b4 27. axb4 Qb5 28. Qd2 Rb8 29. e6 Rxe6 30. Rxe6 fxe6 31. Ne5 Be8 32. Rc1 Qxb4 33. Qxb4 Rxb4 34. Rc8 Kf8 35. Ra8 Ke7 36. Kc2 Ba4+ 37. Kc3 Rb3+ 38. Kd4 Bb5 39. Ra7+ Kd6 40. Rxg7 Rxb2 41. Nf7+ Ke7 42. Ne5+ Kd6 43. Nf7+ Ke7 44. Ne5+ Kd6 1/2-1/2

[Event "Aktobe Dvorkovich op-A"]
[Site "Aktobe"]
[Date "2025.06.22"]
[Round "1"]
[White "Rohit, Krishna S"]
[Black "Smirnov, Mark1"]
[Result "1-0"]
[WhiteElo "2497"]
[BlackElo "2352"]
[PlyCount "111"]
[EventDate "2025.06.22"]
[EventType "swiss"]
[EventRounds "9"]
[EventCountry "KAZ"]
[SourceTitle "CB27_2025"]
[SourceDate "2025.07.02"]
[SourceVersion "1"]
[SourceVersionDate "2025.07.02"]
[SourceQuality "1"]

1. Nf3 d5 2. d4 Nf6 3. c4 c6 4. Nc3 e6 5. e3 Nbd7 6. Qc2 Bd6 7. Bd3 0-0 8. 0-0 dxc4 9. Bxc4 e5 10. a3 Qe7 11. h3 e4 12. Ng5 Nb6 13. Ba2 Nbd5 14. Ngxe4 Nxe4 15. Nxe4 Bf5 16. Bb1 Kh8 17. f3 Nf6 18. Bd2 Rae8 19. Qb3 Nxe4 20. Bxe4 Bxe4 21. fxe4 Qxe4 22. Rxf7 Rxf7 23. Qxf7 Rf8 24. Qc4 c5 25. Rf1 Rxf1+ 26. Kxf1 Qf5+ 27. Ke1 Qe4 28. Kf2 Qf5+ 29. Kg1 Bg3 30. Kh1 cxd4 31. exd4 h6 32. Qc1 g5 33. Be3 g4 34. hxg4 Qxg4 35. Kg1 Qe4 36. d5 Qxd5 37. Bxa7 Kg7 38. Qc2 h5 39. Be3 h4 40. a4 Qe5 41. Qd3 Qa5 42. Bd4+ Kf8 43. b3 Qc7 44. Qf5+ Ke8 45. Qe6+ Kf8 46. Be3 Kg7 47. Qh6+ Kg8 48. Bd4 Kf7 49. Qh7+ Ke6 50. Qxc7 Bxc7 51. Bf2 Bg3 52. Bxg3 hxg3 53. Kf1 Kd5 54. Ke2 Kd4 55. Kf3 Kc3 56. a5 1-0

[Event "Munich Whitsun op-A 3rd"]
[Site "Munich"]
[Date "2025.06.14"]
[Round "9"]
[White "Laurusas, Tomas"]
[Black "Rohit, Krishna S"]
[Result "1/2-1/2"]
[WhiteElo "2566"]
[BlackElo "2497"]
[PlyCount "134"]
[EventDate "2025.06.08"]
[EventType "swiss"]
[EventRounds "9"]
[EventCountry "GER"]
[SourceTitle "CB26_2025"]
[SourceDate "2025.06.25"]
[SourceVersion "1"]
[SourceVersionDate "2025.06.25"]
[SourceQuality "1"]

1. d4 d5 2. c4 e6 3. Nc3 Be7 4. Nf3 Nf6 5. Bf4 0-0 6. e3 b6 7. Be2 dxc4 8. Bxc4 Ba6 9. Bxa6 Nxa6 10. Qe2 Qc8 11. 0-0 c5 12. Nb5 Qb7 13. Rac1 Rac8 14. h3 Rfd8 15. a3 h6 16. Ne5 cxd4 17. Nxd4 Nb8 18. Qf3 Rd5 19. b4 a5 20. bxa5 Rxc1 21. Rxc1 bxa5 22. a4 Nbd7 23. Nb5 Nxe5 24. Bxe5 Ne8 25. Bf4 Qd7 26. Kh2 Bb4 27. Bg3 Be7 28. Rc4 Bb4 29. Qe2 Rd2 30. Qf3 Rd5 31. Rc2 Be7 32. Qe2 Rc5 33. Rxc5 Bxc5 34. Qf3 Bb4 35. Qa8 Kh7 36. Be5 Nd6 37. Bxd6 Bxd6+ 38. Kg1 Bb4 39. Qe4+ Kg8 40. Qa8+ Kh7 41. Qe4+ Kg8 42. Qc2 Qd5 43. Nd4 Bc5 44. Ne2 Bd6 45. Nd4 Bc5 46. Nb3 Bd6 47. Nc1 Qe5 48. Kf1 Qd5 49. Nd3 Kf8 50. Qc3 Ke7 51. Qc2 g6 52. h4 g5 53. hxg5 hxg5 54. Nc1 g4 55. Nb3 g3 56. f3 Qh5 57. Ke2 Qh1 58. Kd3 Qf1+ 59. Qe2 Qb1+ 60. Qc2 Qf1+ 61. Qe2 Qb1+ 62. Kc4 Bb4 63. e4 e5 64. Qe3 Qf1+ 65. Kd5 Qd1+ 66. Kc4 Qf1+ 67. Kd5 Qd1+ 1/2-1/2

[Event "Munich Whitsun op-A 3rd"]
[Site "Munich"]
[Date "2025.06.13"]
[Round "8"]
[White "Rohit, Krishna S"]
[Black "Fedorovsky, Michael"]
[Result "1-0"]
[WhiteElo "2497"]
[BlackElo "2389"]
[PlyCount "90"]
[EventDate "2025.06.08"]
[EventType "swiss"]
[EventRounds "9"]
[EventCountry "GER"]
[SourceTitle "CB26_2025"]
[SourceDate "2025.06.25"]
[SourceVersion "1"]
[SourceVersionDate "2025.06.25"]
[SourceQuality "1"]

1. d4 d5 2. c4 e6 3. Nc3 Nf6 4. Nf3 Be7 5. Bf4 0-0 6. e3 Nbd7 7. c5 Ne4 8. Nxe4 dxe4 9. Ne5 Nxe5 10. Bxe5 Bf6 11. Bg3 e5 12. dxe5 Be7 13. Qc2 Qd5 14. b4 Be6 15. Rd1 Qc6 16. Rc1 b6 17. Bc4 Bxc4 18. Qxc4 b5 19. Qe2 a5 20. a3 axb4 21. axb4 Ra4 22. Rb1 Rd8 23. 0-0 Rd3 24. Qg4 g6 25. e6 Qxe6 26. Qxe6 fxe6 27. Bxc7 Rc3 28. Be5 Rc4 29. Rbc1 Rcxb4 30. c6 Ra8 31. c7 Rc8 32. Rc6 Kf7 33. Rb6 Bf6 34. Rb8 Bxe5 35. Rxc8 Rc4 36. Rd1 Ke7 37. Rb8 Bxc7 38. Rxb5 Kf6 39. g3 Be5 40. Kg2 h5 41. Rd8 Bc3 42. Rb7 Bb4 43. Rdd7 Kf5 44. Rf7+ Ke5 45. Rg7 Kd5 1-0

[Event "Munich Whitsun op-A 3rd"]
[Site "Munich"]
[Date "2025.06.12"]
[Round "7"]
[White "Filip, Andrei"]
[Black "Rohit, Krishna S"]
[Result "1/2-1/2"]
[WhiteElo "2297"]
[BlackElo "2497"]
[PlyCount "150"]
[EventDate "2025.06.08"]
[EventType "swiss"]
[EventRounds "9"]
[EventCountry "GER"]
[SourceTitle "CB26_2025"]
[SourceDate "2025.06.25"]
[SourceVersion "1"]
[SourceVersionDate "2025.06.25"]
[SourceQuality "1"]

1. e4 e5 2. Nf3 Nc6 3. Bc4 Bc5 4. c3 Nf6 5. d3 d6 6. 0-0 a5 7. Re1 0-0 8. h3 h6 9. Bb5 Ba7 10. Nbd2 Ne7 11. d4 Ng6 12. Bd3 c6 13. a4 Nh5 14. Bc2 Nhf4 15. Nf1 exd4 16. cxd4 f5 17. Ng3 fxe4 18. Bxe4 Nh4 19. Nxh4 Qxh4 20. Be3 Be6 21. Bb1 Rf6 22. Bxf4 Qxf4 23. Nh5 Qxf2+ 24. Kh1 Raf8 25. Nxf6+ Rxf6 26. Bc2 d5 27. Rf1 Qxf1+ 28. Qxf1 Rxf1+ 29. Rxf1 Bxd4 30. b3 Bf6 31. Bg6 Kf8 32. Re1 Bf7 33. Bxf7 Kxf7 34. Kg1 Bc3 35. Rc1 Bb2 36. Rc2 Bd4+ 37. Kf1 Ke6 38. Ke2 Kd6 39. Kd3 Bf6 40. Rc1 Ke6 41. Rf1 Kd7 42. Rc1 Kd6 43. Rc2 Be5 44. Re2 b6 45. Rc2 Bg3 46. Rc1 h5 47. Rc2 h4 48. Rc1 Bf4 49. Rc2 Bg5 50. Kd4 Bf6+ 51. Kd3 Be5 52. Rc1 Kd7 53. Rc2 Bg3 54. Rc1 Kd6 55. Rc2 Bf4 56. Kd4 g6 57. Kd3 g5 58. Kd4 Be5+ 59. Kd3 Kd7 60. Rc1 Bf4 61. Rc2 Bd6 62. Re2 Bg3 63. Rc2 Bf4 64. Kd4 Kc7 65. Kd3 Kd6 66. Kd4 c5+ 67. Kd3 Kc6 68. Re2 b5 69. Re6+ Kd7 70. Ra6 bxa4 71. bxa4 Bc7 72. Rg6 Bf4 73. Ra6 Bc7 74. Rg6 Bd8 75. Ra6 Bc7 1/2-1/2

[Event "Munich Whitsun op-A 3rd"]
[Site "Munich"]
[Date "2025.06.09"]
[Round "3"]
[White "Kanyamarala, Trisha"]
[Black "Rohit, Krishna S"]
[Result "1/2-1/2"]
[WhiteElo "2209"]
[BlackElo "2497"]
[PlyCount "88"]
[EventDate "2025.06.08"]
[EventType "swiss"]
[EventRounds "9"]
[EventCountry "GER"]
[SourceTitle "CB26_2025"]
[SourceDate "2025.06.25"]
[SourceVersion "1"]
[SourceVersionDate "2025.06.25"]
[SourceQuality "1"]

1. d4 Nf6 2. c4 e6 3. Nf3 d5 4. Nc3 Be7 5. Bg5 h6 6. Bh4 0-0 7. e3 b6 8. Qb3 Bb7 9. Bxf6 Bxf6 10. cxd5 exd5 11. Rd1 Qd6 12. Bd3 Rd8 13. 0-0 c5 14. dxc5 Qxc5 15. Rc1 Nd7 16. Rfd1 Qd6 17. Nb5 Qf8 18. Bf5 Nc5 19. Qc2 g6 20. Bh3 a6 21. Nc3 Rd6 22. Ne2 a5 23. Nf4 Rad8 24. Nd4 Qe8 25. Nd3 Ne6 26. Bxe6 fxe6 27. f4 e5 28. fxe5 Bxe5 29. Nxe5 Qxe5 30. Qd3 Rf6 31. Rf1 Ba6 32. Qxa6 Qxe3+ 33. Kh1 Qxd4 34. Rxf6 Qxf6 35. Rc8 d4 36. Qc4+ Kf8 37. h3 d3 38. Rc6 Qf7 39. Qh4 Ke8 40. Qe4+ Kf8 41. Qh4 Ke8 42. Qe4+ Kf8 43. Qh4 Ke8 44. Qe4+ Kf8 1/2-1/2

[Event "Munich Whitsun op-A 3rd"]
[Site "Munich"]
[Date "2025.06.08"]
[Round "2"]
[White "Rohit, Krishna S"]
[Black "Oktem, Ege Tuna"]
[Result "1-0"]
[WhiteElo "2497"]
[BlackElo "2240"]
[PlyCount "53"]
[EventDate "2025.06.08"]
[EventType "swiss"]
[EventRounds "9"]
[EventCountry "GER"]
[SourceTitle "CB26_2025"]
[SourceDate "2025.06.25"]
[SourceVersion "1"]
[SourceVersionDate "2025.06.25"]
[SourceQuality "1"]

1. c4 c6 2. d4 d5 3. Nf3 Nf6 4. Nc3 e6 5. e3 Nbd7 6. Qc2 Bd6 7. Bd3 0-0 8. 0-0 dxc4 9. Bxc4 a6 10. e4 e5 11. Rd1 Qc7 12. h3 b5 13. Bb3 exd4 14. Nxd4 Re8 15. Nf5 Bh2+ 16. Kh1 Nc5 17. g3 Ncxe4 18. Nxe4 Nxe4 19. Bf4 Qb6 20. Nd6 Nxd6 21. Rxd6 Bxg3 22. Bxg3 Bxh3 23. Qxc6 Qa5 24. Qf3 Ra7 25. Rad1 g6 26. Qf6 Rae7 27. Be5 1-0

[Event "Dubai op-A 25th"]
[Site "Dubai"]
[Date "2025.06.04"]
[Round "9"]
[White "Rohit, Krishna S"]
[Black "Aswath, S."]
[Result "1/2-1/2"]
[WhiteElo "2490"]
[BlackElo "2515"]
[PlyCount "30"]
[EventDate "2025.05.27"]
[EventType "swiss"]
[EventRounds "9"]
[EventCountry "UAE"]
[SourceTitle "CB23_2025"]
[SourceDate "2025.06.04"]
[SourceVersion "1"]
[SourceVersionDate "2025.06.04"]
[SourceQuality "1"]

1. e4 d6 2. d4 Nf6 3. Nc3 e5 4. Nf3 Nbd7 5. Rg1 c6 6. g4 h6 7. a4 exd4 8. Nxd4 Ne5 9. Be2 d5 10. f4 Nfxg4 11. fxe5 Qh4+ 12. Kd2 Qg5+ 13. Ke1 Qh4+ 14. Kd2 Qg5+ 15. Ke1 Qh4+ 1/2-1/2

[Event "Dubai op-A 25th"]
[Site "Dubai"]
[Date "2025.05.31"]
[Round "5"]
[White "Rohit, Krishna S"]
[Black "Zemlyanskii, Ivan"]
[Result "1/2-1/2"]
[WhiteElo "2490"]
[BlackElo "2563"]
[PlyCount "126"]
[EventDate "2025.05.27"]
[EventType "swiss"]
[EventRounds "9"]
[EventCountry "UAE"]
[SourceTitle "CB23_2025"]
[SourceDate "2025.06.04"]
[SourceVersion "1"]
[SourceVersionDate "2025.06.04"]
[SourceQuality "1"]

1. d4 Nf6 2. c4 g6 3. Nf3 Bg7 4. g3 0-0 5. Bg2 d6 6. Nc3 c5 7. 0-0 Nc6 8. d5 Na5 9. Nd2 e6 10. Qc2 Re8 11. e3 exd5 12. cxd5 Bf5 13. e4 Bd7 14. b3 b5 15. Bb2 b4 16. Nd1 Bb5 17. Nc4 Ng4 18. Bxg7 Kxg7 19. Ndb2 Bxc4 20. Nxc4 Nxc4 21. Qxc4 Ne5 22. Qc2 Qb6 23. Qe2 c4 24. bxc4 Rac8 25. Rac1 Rc5 26. Rc2 a5 27. Qe3 Rb8 28. Rfc1 a4 29. Bf1 Rc7 30. c5 Rxc5 31. Rxc5 dxc5 32. f4 Nd7 33. Bc4 b3 34. Qc3+ Kg8 35. axb3 axb3 36. Qb2 Qb4 37. e5 Nb6 38. Qxb3 Nxc4 39. Qxc4 Qd2 40. Qc3 Qxd5 41. Qxc5 Qe4 42. Qc3 h5 43. Re1 Qd5 44. e6 fxe6 45. Qf6 Qf5 46. Qxe6+ Qxe6 47. Rxe6 Kf7 48. Re2 Kf6 49. Ra2 Rb6 50. Kg2 g5 51. Kh3 gxf4 52. Rf2 Kg5 53. gxf4+ Kf5 54. Kh4 Rb3 55. h3 Ra3 56. Rb2 Kxf4 57. Rb5 Ra8 58. Rxh5 Rg8 59. Rh7 Kf5 60. Kh5 Rg5+ 61. Kh4 Rg8 62. Kh5 Rg5+ 63. Kh4 Rg8 1/2-1/2

[Event "Dubai op-A 25th"]
[Site "Dubai"]
[Date "2025.05.30"]
[Round "4"]
[White "Iniyan, Panneerseluam"]
[Black "Rohit, Krishna S"]
[Result "0-1"]
[WhiteElo "2573"]
[BlackElo "2490"]
[PlyCount "102"]
[EventDate "2025.05.27"]
[EventType "swiss"]
[EventRounds "9"]
[EventCountry "UAE"]
[SourceTitle "CB23_2025"]
[SourceDate "2025.06.04"]
[SourceVersion "1"]
[SourceVersionDate "2025.06.04"]
[SourceQuality "1"]

1. d4 d5 2. c4 e6 3. Nc3 Be7 4. Nf3 Nf6 5. Bg5 h6 6. Bxf6 Bxf6 7. cxd5 exd5 8. Qb3 c6 9. e3 0-0 10. Bd3 Re8 11. 0-0 Nd7 12. h3 Nb6 13. Rac1 a5 14. a3 Be7 15. Rfe1 Bd6 16. Qc2 Nd7 17. e4 dxe4 18. Nxe4 Bf4 19. Rcd1 Nf8 20. Ne5 Bxe5 21. dxe5 Rxe5 22. f4 Rd5 23. Nc3 Rd4 24. f5 b5 25. Ne2 Rd6 26. Ng3 Ra7 27. f6 g6 28. Qd2 Kh7 29. Ne4 Rd4 30. Nc5 Bf5 31. Qe3 Bxd3 32. Rxd3 Rxd3 33. Nxd3 Rc7 34. Qf4 Ne6 35. Rxe6 fxe6 36. Ne5 Rc8 37. Ng4 Qf8 38. Kh2 e5 39. Qxe5 Qf7 40. Qe3 h5 41. Qh6+ Kg8 42. Ne5 Qxf6 43. Nxg6 Re8 44. Qxh5 Re6 45. Nh4 Qe5+ 46. Qxe5 Rxe5 47. g4 Re2+ 48. Kg3 Rxb2 49. Nf5 b4 50. axb4 a4 51. g5 a3 0-1

[Event "Dubai op-A 25th"]
[Site "Dubai"]
[Date "2025.05.27"]
[Round "1"]
[White "Rohit, Krishna S"]
[Black "Gaal, Zsoka"]
[Result "1-0"]
[WhiteElo "2490"]
[BlackElo "2395"]
[PlyCount "77"]
[EventDate "2025.05.27"]
[EventType "swiss"]
[EventRounds "9"]
[EventCountry "UAE"]
[SourceTitle "CB23_2025"]
[SourceDate "2025.06.04"]
[SourceVersion "1"]
[SourceVersionDate "2025.06.04"]
[SourceQuality "1"]

1. d4 Nf6 2. c4 e6 3. Nf3 Bb4+ 4. Nbd2 d5 5. Qa4+ Nc6 6. e3 a5 7. a3 Be7 8. Bd3 0-0 9. 0-0 Bd7 10. Qc2 a4 11. e4 dxe4 12. Nxe4 Nxe4 13. Bxe4 f5 14. Bd3 Bf6 15. Be3 Qe8 16. Rfe1 Qg6 17. Rad1 e5 18. dxe5 Nxe5 19. Nxe5 Bxe5 20. f4 Bf6 21. Be4 Be6 22. Bxb7 Rab8 23. Bf3 Rxb2 24. Qxa4 Bf7 25. Rd7 Be8 26. Bd5+ Kh8 27. Qa8 Bh4 28. Rd1 c6 29. Bd4 Bf2+ 30. Bxf2 cxd5 31. Rd8 Rg8 32. Qxd5 Bf7 33. Qe5 Rc2 34. c5 h6 35. h3 Kh7 36. Rxg8 Bxg8 37. Rd6 Qh5 38. Bd4 Qf7 39. c6 1-0

[Event "Sharjah Masters-A 8th"]
[Site "Sharjah"]
[Date "2025.05.24"]
[Round "8"]
[White "Gupta, Abhijeet"]
[Black "Rohit, Krishna S"]
[Result "0-1"]
[WhiteElo "2577"]
[BlackElo "2490"]
[PlyCount "108"]
[EventDate "2025.05.17"]
[EventType "swiss"]
[EventRounds "9"]
[EventCountry "UAE"]
[SourceTitle "CB22_2025"]
[SourceDate "2025.05.28"]
[SourceVersion "1"]
[SourceVersionDate "2025.05.28"]
[SourceQuality "1"]

1. Nf3 d5 2. c4 e6 3. g3 Nf6 4. Bg2 c6 5. 0-0 Be7 6. b3 Nbd7 7. Bb2 0-0 8. Qc2 a5 9. Nc3 b6 10. e4 Ba6 11. exd5 cxd5 12. d3 Rc8 13. Rad1 b5 14. Qb1 bxc4 15. dxc4 dxc4 16. Rfe1 Qc7 17. bxc4 Bxc4 18. Nd4 Bc5 19. Ne4 Nxe4 20. Rxe4 Nf6 21. Rh4 Qb6 22. Nb3 Bxf2+ 23. Kh1 Bxb3 24. axb3 Qxb3 25. Qa1 Be3 26. Bxf6 gxf6 27. Rg4+ Bg5 28. Rf1 Rc4 29. Rxc4 Qxc4 30. h4 Bd2 31. Qxf6 a4 32. Qe7 Qb4 33. Qa7 Qb3 34. Rf3 Qc2 35. Kh2 Bc1 36. Rf2 Qc4 37. Bf1 Qb4 38. Bd3 a3 39. Bxh7+ Kxh7 40. Rxf7+ Rxf7 41. Qxf7+ Kh8 42. Qxe6 Qd2+ 43. Kh3 Qe3 44. Qf7 Bb2 45. Qf8+ Kh7 46. Qf7+ Kh6 47. h5 Qe4 48. g4 Qh1+ 49. Kg3 Be5+ 50. Kf2 Qh2+ 51. Ke1 Bc3+ 52. Kf1 Qh3+ 53. Kf2 Qh4+ 54. Ke2 Qe1+ 0-1

[Event "Sharjah Masters-A 8th"]
[Site "Sharjah"]
[Date "2025.05.23"]
[Round "7"]
[White "Predke, Alexandr"]
[Black "Rohit, Krishna S"]
[Result "1-0"]
[WhiteElo "2631"]
[BlackElo "2490"]
[PlyCount "85"]
[EventDate "2025.05.17"]
[EventType "swiss"]
[EventRounds "9"]
[EventCountry "UAE"]
[SourceTitle "CB22_2025"]
[SourceDate "2025.05.28"]
[SourceVersion "1"]
[SourceVersionDate "2025.05.28"]
[SourceQuality "1"]

1. e4 e5 2. Nf3 Nc6 3. Bb5 a6 4. Ba4 Nf6 5. 0-0 Be7 6. Re1 b5 7. Bb3 0-0 8. a4 Bb7 9. d3 d6 10. h3 Qd7 11. c3 Na5 12. Bc2 c5 13. d4 cxd4 14. cxd4 exd4 15. Nxd4 Rfc8 16. axb5 axb5 17. Nc3 b4 18. Nd5 Nxd5 19. exd5 g6 20. Bf5 gxf5 21. Qh5 Bf6 22. Nxf5 Re8 23. Nh6+ Kh8 24. Bg5 Bxb2 25. Ng4 Bxa1 26. Rxa1 f5 27. Bf6+ Kg8 28. Nh6+ Kf8 29. Nxf5 Re4 30. Qh6+ Ke8 31. Qg5 Qc7 32. Ng7+ Kf7 33. Ne6 Rg8 34. Qh5+ Kxf6 35. Nxc7 Nc4 36. Qxh7 Rg6 37. Qh8+ Kf5 38. g4+ Rexg4+ 39. hxg4+ Rxg4+ 40. Kh2 b3 41. Qh5+ Rg5 42. Qf7+ Ke4 43. Re1+ 1-0

[Event "Sharjah Masters-A 8th"]
[Site "Sharjah"]
[Date "2025.05.21"]
[Round "5"]
[White "Samunenkov, Igor"]
[Black "Rohit, Krishna S"]
[Result "1/2-1/2"]
[WhiteElo "2572"]
[BlackElo "2490"]
[PlyCount "66"]
[EventDate "2025.05.17"]
[EventType "swiss"]
[EventRounds "9"]
[EventCountry "UAE"]
[SourceTitle "CB22_2025"]
[SourceDate "2025.05.28"]
[SourceVersion "1"]
[SourceVersionDate "2025.05.28"]
[SourceQuality "1"]

1. e4 e5 2. Nf3 Nc6 3. Bb5 a6 4. Ba4 Nf6 5. 0-0 Be7 6. Bxc6 dxc6 7. d3 Nd7 8. b3 c5 9. Nbd2 b5 10. Bb2 Bd6 11. g3 0-0 12. Nh4 g6 13. a4 Bb7 14. Qg4 Nf6 15. Qe2 Re8 16. Ng2 Nh5 17. f4 exf4 18. g4 Ng7 19. Nxf4 f5 20. gxf5 Qg5+ 21. Ng2 gxf5 22. axb5 axb5 23. Rxa8 Bxa8 24. Kh1 Qh6 25. Ne3 fxe4 26. Nxe4 Rxe4 27. dxe4 Bxe4+ 28. Kg1 Bxh2+ 29. Qxh2 Qxe3+ 30. Rf2 Qe1+ 31. Rf1 Qe3+ 32. Rf2 Qe1+ 33. Rf1 Qe3+ 1/2-1/2

[Event "Wch U20 62nd"]
[Site "Petrovac"]
[Date "2025.03.02"]
[Round "6"]
[White "Rohit, Krishna S"]
[Black "Piliposyan, Robert"]
[Result "1/2-1/2"]
[WhiteElo "2481"]
[BlackElo "2409"]
[PlyCount "98"]
[EventDate "2025.02.25"]
[EventType "swiss"]
[EventRounds "11"]
[EventCountry "MNE"]
[SourceTitle "CB11_2025"]
[SourceDate "2025.03.12"]
[SourceVersion "1"]
[SourceVersionDate "2025.03.12"]
[SourceQuality "1"]

1. d4 Nf6 2. c4 e6 3. Nf3 d5 4. Nc3 Bb4 5. Qa4+ Nc6 6. a3 Bxc3+ 7. bxc3 Bd7 8. cxd5 exd5 9. Bf4 0-0 10. e3 Ne5 11. Qc2 Nxf3+ 12. gxf3 Re8 13. Be5 c5 14. h4 Nh5 15. Bd3 g6 16. Rg1 Qxh4 17. Ke2 Rxe5 18. dxe5 c4 19. Bf5 Bxf5 20. Qxf5 Ng3+ 21. Rxg3 Qxg3 22. fxg3 gxf5 23. Rd1 Rd8 24. e4 fxe4 25. fxe4 Re8 26. Rxd5 Re6 27. Ke3 Rg6 28. Kf4 Ra6 29. Rc5 Rxa3 30. Rxc4 Rb3 31. Kf5 Rb6 32. Rc8+ Kg7 33. c4 a5 34. Ra8 Ra6 35. Rxa6 bxa6 36. c5 a4 37. e6 fxe6+ 38. Kxe6 a3 39. c6 a2 40. c7 a1Q 41. c8Q Qa2+ 42. Ke5 Qb2+ 43. Kf4 Qf2+ 44. Kg4 h5+ 45. Kxh5 Qf3+ 46. Kh4 Qxe4+ 47. Kh3 Qh1+ 48. Kg4 Qe4+ 49. Kh3 Qh1+ 1/2-1/2

[Event "Wch U20 62nd"]
[Site "Petrovac"]
[Date "2025.02.25"]
[Round "1"]
[White "Baranciuc, Alexandr"]
[Black "Rohit, Krishna S"]
[Result "1/2-1/2"]
[WhiteElo "2246"]
[BlackElo "2481"]
[PlyCount "115"]
[EventDate "2025.02.25"]
[EventType "swiss"]
[EventRounds "11"]
[EventCountry "MNE"]
[SourceTitle "CB11_2025"]
[SourceDate "2025.03.12"]
[SourceVersion "1"]
[SourceVersionDate "2025.03.12"]
[SourceQuality "1"]

1. e4 e5 2. d4 exd4 3. Qxd4 Nc6 4. Qe3 Nf6 5. Nc3 Bb4 6. Bd2 0-0 7. 0-0-0 Re8 8. Bc4 d6 9. Nf3 Be6 10. Bxe6 Rxe6 11. Ng5 Re8 12. a3 Ba5 13. Qg3 b5 14. f4 Qc8 15. Rhe1 Nd7 16. Qd3 Nc5 17. Qd5 Qd7 18. Nxb5 Rab8 19. Bxa5 Rxb5 20. Bb4 Nxb4 21. axb4 Nxe4 22. Qc4 Nxg5 23. Qxc7 Qc8 24. fxg5 Rxg5 25. Re7 h6 26. Qxc8 Rxc8 27. g3 Rf5 28. c3 a5 29. bxa5 Rxa5 30. Rxd6 Rf5 31. Red7 Kh7 32. Kc2 g5 33. Rd5 Rf1 34. Rd1 Rf2+ 35. R1d2 Rf3 36. R7d3 Rf5 37. b4 Kg6 38. Kb3 Rf1 39. Rb2 f5 40. b5 f4 41. gxf4 gxf4 42. b6 f3 43. b7 Rb8 44. Kc4 Kf5 45. Rd7 Ke6 46. Rdd2 Ke5 47. Kc5 Rc1 48. c4 Rc3 49. Rd7 Ke4 50. Ra2 Rb3 51. Kc6 Rf8 52. c5 f2 53. Rxf2 Rxf2 54. Kc7 Rxh2 55. c6 h5 56. Rh7 Kf4 57. Kb8 Kg4 58. c7 1/2-1/2

[Event "Upplands Vasby Young Talents"]
[Site "Upplands Vasby"]
[Date "2025.02.19"]
[Round "5"]
[White "Rohit, Krishna S"]
[Black "Kazakouski, Valery"]
[Result "1/2-1/2"]
[WhiteElo "2481"]
[BlackElo "2538"]
[PlyCount "61"]
[EventDate "2025.02.17"]
[EventType "tourn"]
[EventRounds "9"]
[EventCountry "SWE"]
[EventCategory "9"]
[SourceTitle "CB09_2025"]
[SourceDate "2025.02.27"]
[SourceVersion "1"]
[SourceVersionDate "2025.02.27"]
[SourceQuality "1"]

1. d4 d5 2. c4 c6 3. Nf3 Nf6 4. Nc3 dxc4 5. a4 Bf5 6. e3 e6 7. Bxc4 Bb4 8. 0-0 0-0 9. Qe2 Bg6 10. Ne5 Nbd7 11. Rd1 Qa5 12. Nxg6 hxg6 13. Qc2 c5 14. Na2 cxd4 15. Nxb4 Qxb4 16. Rxd4 Qe1+ 17. Bf1 Rac8 18. Qd1 Qxd1 19. Rxd1 Nc5 20. b4 Nb3 21. Rb1 Nxc1 22. Rdxc1 Ne4 23. Ra1 Rfd8 24. g3 Nc3 25. Rc2 Nd5 26. Rb2 Kf8 27. h4 Ke7 28. a5 Rd7 29. Bg2 Rc4 30. Rab1 Rdc7 31. Bf3 1/2-1/2

[Event "Upplands Vasby Young Talents"]
[Site "Upplands Vasby"]
[Date "2025.02.19"]
[Round "6"]
[White "Trost, Edvin"]
[Black "Rohit, Krishna S"]
[Result "0-1"]
[WhiteElo "2462"]
[BlackElo "2481"]
[PlyCount "80"]
[EventDate "2025.02.17"]
[EventType "tourn"]
[EventRounds "9"]
[EventCountry "SWE"]
[EventCategory "9"]
[SourceTitle "CB09_2025"]
[SourceDate "2025.02.27"]
[SourceVersion "1"]
[SourceVersionDate "2025.02.27"]
[SourceQuality "1"]

1. Nf3 d5 2. g3 g6 3. Bg2 Bg7 4. d4 Nf6 5. 0-0 0-0 6. c4 c6 7. Nc3 dxc4 8. e4 b5 9. Qe2 a5 10. Rd1 Ba6 11. e5 Nd5 12. e6 f6 13. h4 b4 14. Ne4 Bb5 15. h5 c3 16. Qc2 a4 17. bxc3 f5 18. Neg5 bxc3 19. Nf7 Qc8 20. hxg6 hxg6 21. Re1 Na6 22. Nh4 Nab4 23. Qd1 Rxf7 24. exf7+ Kxf7 25. Ba3 Bf6 26. Bxb4 Nxb4 27. Re3 Qd8 28. Nf3 Nd5 29. Ne5+ Kg7 30. Re1 Qd6 31. Qf3 Qb4 32. Bf1 Bxf1 33. Rxf1 Qxd4 34. Nxc6 Qc4 35. Nb4 Nxb4 36. Qxa8 c2 37. Qd8 Nxa2 38. Rxa2 Qxa2 39. Rc1 Qb1 40. Qd2 Bb2 0-1

[Event "Upplands Vasby Young Talents"]
[Site "Upplands Vasby"]
[Date "2025.02.17"]
[Round "2"]
[White "Peng, Li Min"]
[Black "Rohit, Krishna S"]
[Result "0-1"]
[WhiteElo "2512"]
[BlackElo "2481"]
[PlyCount "58"]
[EventDate "2025.02.17"]
[EventType "tourn"]
[EventRounds "9"]
[EventCountry "SWE"]
[EventCategory "9"]
[SourceTitle "CB09_2025"]
[SourceDate "2025.02.27"]
[SourceVersion "1"]
[SourceVersionDate "2025.02.27"]
[SourceQuality "1"]

1. e4 e5 2. Nf3 Nc6 3. Bc4 Bc5 4. c3 Nf6 5. d4 exd4 6. b4 Be7 7. e5 Ne4 8. b5 Na5 9. Qxd4 Nxc4 10. Qxe4 d5 11. Qf4 0-0 12. Nbd2 Nxd2 13. Bxd2 a6 14. b6 cxb6 15. 0-0 f6 16. Rfe1 fxe5 17. Qxe5 Bf6 18. Qe3 Bd7 19. Ne5 Bf5 20. Nf3 Qd6 21. Nd4 Bd7 22. Qg3 Qxg3 23. hxg3 b5 24. Reb1 Rab8 25. Rb3 Rfc8 26. Bf4 Ra8 27. Bd2 Rc4 28. a4 b4 29. Ne2 Rac8 0-1